000 00525nam a2200169Ia 4500
003 OSt
005 20200127141004.0
008 190216s9999||||xx |||||||||||||| ||und||
040 _coclc
082 _a658.403
_bRAO/I
100 _aRao, K Venkata
_91604
245 0 _aIntroduction To Quantitative Techniques And Data Processing /
_c K Venkata Rao
260 _bS Chand & Co,
_c1987.
_aNew Delhi:
300 _a258 p
650 _aComputer Science
942 _cBK
_2ddc
_h658.403
_iRAO/I
_k658.403
_mRAO/I
999 _c5447
_d5447